Aaj ki urdu kahaniyan / | आज की उर्दू कहानियाँ / (Record no. 12373)

000 -LEADER
fixed length control field 00566nam a22001697a 4500
008 - FIXED-LENGTH DATA ELEMENTS--GENERAL INFORMATION
fixed length control field 210129b ||||| |||| 00| 0 eng d
041 ## - LANGUAGE CODE
Language code of text/sound track or separate title hin
082 00 - DEWEY DECIMAL CLASSIFICATION NUMBER
Classification number 891.43
Item number F253
245 10 - TITLE STATEMENT
Title Aaj ki urdu kahaniyan /
Title आज की उर्दू कहानियाँ /
260 ## - PUBLICATION, DISTRIBUTION, ETC. (IMPRINT)
Place of publication, distribution, etc [s.l.]
Name of publisher, distributor, etc Sanmarg Prakashan
Date of publication, distribution, etc ?
300 ## - PHYSICAL DESCRIPTION
Extent .
365 ## - TRADE PRICE
Price type code Rs.
Price amount 08632
650 #0 - SUBJECT ADDED ENTRY--TOPICAL TERM
Topical term or geographic name as entry element Hindi fiction
700 ## - ADDED ENTRY--PERSONAL NAME
9 (RLIN) 4528
Personal name Fatima, Tabassum
Relator term editor
942 ## - ADDED ENTRY ELEMENTS (KOHA)
Item type Books
Holdings
Withdrawn status Lost status Source of classification or shelving scheme Damaged status Not for loan Permanent location Current location Date acquired Cost, normal purchase price Full call number Barcode Date last seen Koha item type
          IMU Kolkata IMU Kolkata 2021-01-29 90.00 891.43 F253 08632 2021-01-29 Books
Designed and Maintained by IMU-KC Library, Kolkata Campus © Copyright All Rights Reserved

webs counters

Powered by Koha